000 00392nam a2200133Ia 4500
005 20260328104315.0
008 260328s9999||||xx |||||||||||||| ||und||
100 _aSundahl, Eskil
245 0 _aSwedish cooperative unión and wholesale society¨s Architects Office 1935-1949 /
_cEskil Sundahl
260 _bKooperativa Förbundets
300 _a164 p.
650 _aARQUITECTURA
942 _cBK
999 _c11126
_d11126